[Event "Kandidatklassen"]
[Site "Hillerod"]
[Date "2010.03.30"]
[Round "1"]
[White "Poulsen, Klaus E"]
[Black "Strange, Mikkel"]
[Result "0-1"]
[WhiteElo "2095"]
[BlackElo "2269"]
[PlyCount "102"]
[EventDate "2010.03.30"]
[EventType "swiss"]
[EventRounds "7"]
[EventCountry "DEN"]
[Source "ChessBase"]
[SourceDate "2010.05.04"]

1. e4 e6 2. d4 d5 3. Nc3 Bb4 4. e5 c5 5. Bd2 Ne7 6. Nb5 Bxd2+ 7. Qxd2 O-O 8.
dxc5 Nd7 9. Qc3 a6 10. Nd6 Qc7 11. Bd3 Qxc5 12. Qxc5 Nxc5 13. f4 f6 14. Nf3 Bd7
15. O-O-O Be8 16. Nxe8 Raxe8 17. Rhf1 Nxd3+ 18. cxd3 Nf5 19. Kd2 h5 20. Rc1 Rc8
21. Rxc8 Rxc8 22. Rc1 Rxc1 23. Kxc1 Kf7 24. d4 Ke7 25. Kd2 Kd7 26. Kd3 Kc6 27.
a4 b5 28. a5 b4 29. Nd2 fxe5 30. fxe5 Kb5 31. Nb3 g5 32. Nc5 Ng7 33. Nb7 Kc6
34. Nc5 Kb5 35. Nb7 Ka4 36. Kc2 g4 37. b3+ Kb5 38. Kd3 h4 39. Ke2 Nf5 40. Nd6+
Nxd6 41. exd6 Kc6 42. Ke3 Kxd6 43. Kf4 e5+ 44. dxe5+ Ke6 45. g3 h3 46. Kxg4
Kxe5 47. Kf3 Kd4 48. g4 Kc3 49. Ke2 d4 50. Kd1 Kxb3 51. g5 Kc3 0-1

[Event "Kandidatklassen"]
[Site "Hillerod"]
[Date "2010.04.03"]
[Round "5"]
[White "Poulsen, Klaus E"]
[Black "Henriksen, Palle V"]
[Result "1/2-1/2"]
[WhiteElo "2095"]
[BlackElo "2236"]
[PlyCount "130"]
[EventDate "2010.03.30"]
[EventType "swiss"]
[EventRounds "7"]
[EventCountry "DEN"]
[Source "ChessBase"]
[SourceDate "2010.05.04"]

1. e4 e6 2. d4 d5 3. Nc3 Nc6 4. Nf3 Nf6 5. e5 Ne4 6. Ne2 Be7 7. c3 f6 8. exf6
Bxf6 9. Ng3 Nd6 10. Bd3 Nf7 11. Qc2 g6 12. Be3 Qd6 13. O-O-O Bd7 14. Rhe1 O-O-O
15. Bb5 Kb8 16. Kb1 Qe7 17. c4 Nd6 18. Bf4 dxc4 19. Bxc4 Nb4 20. Bxd6 cxd6 21.
Qd2 d5 22. Bb3 Qd6 23. h4 Nc6 24. h5 Rhg8 25. Rh1 g5 26. h6 g4 27. Nh5 Bh8 28.
Ng5 Qe7 29. f4 Nxd4 30. Bc2 Nxc2 31. Qxc2 Be8 32. Qe2 Bg6+ 33. Ka1 Rd6 34. Ng7
Bxg7 35. hxg7 Rxg7 36. Qe5 Ka8 37. Rhe1 Rg8 38. Nxe6 Re8 39. f5 Bf7 40. Rc1
Bxe6 41. fxe6 a6 42. Qf5 d4 43. Qxg4 d3 44. Rcd1 Rxe6 45. Rxe6 Qxe6 46. Qxe6
Rxe6 47. Kb1 Re2 48. Rxd3 Rxg2 49. Rh3 Rg7 50. Kc2 Rd7 51. Kc3 Kb8 52. a4 Kc7
53. Rh6 Kd8 54. b4 Ke8 55. a5 Kf8 56. b5 Kg7 57. Re6 axb5 58. Kb4 h5 59. Kxb5
h4 60. Kb6 h3 61. Re3 Rd6+ 62. Kxb7 h2 63. Re1 Rd2 64. a6 Rb2+ 65. Kc7 Rc2+
1/2-1/2

[Event "Kandidatklassen"]
[Site "Hillerod"]
[Date "2010.04.02"]
[Round "4"]
[White "Poulsen, Klaus E"]
[Black "Olsen, Peter Erik"]
[Result "1/2-1/2"]
[WhiteElo "2095"]
[BlackElo "2246"]
[PlyCount "108"]
[EventDate "2010.03.30"]
[EventType "swiss"]
[EventRounds "7"]
[EventCountry "DEN"]
[Source "ChessBase"]
[SourceDate "2010.05.04"]

1. e4 d5 2. d4 dxe4 3. Nc3 Nf6 4. f3 exf3 5. Nxf3 Bg4 6. Bc4 e6 7. O-O c6 8.
Bg5 Be7 9. Qd3 Bf5 10. Qd2 O-O 11. Rae1 Nbd7 12. Qe2 Nb6 13. Bd3 Bxd3 14. Qxd3
c5 15. Bxf6 Bxf6 16. dxc5 Qxd3 17. cxd3 Bxc3 18. bxc3 Na4 19. Rb1 Nxc5 20. d4
Ne4 21. Rxb7 Nxc3 22. Ne5 Ne2+ 23. Kf2 Nxd4 24. Rd1 Rfd8 25. Nxf7 Rf8 26. Rxd4
Rxf7+ 27. Rxf7 Kxf7 28. Rd7+ Kf6 29. a4 a5 30. Rb7 Rd8 31. Ra7 Rd5 32. Kf3 h6
33. h3 g6 34. g3 h5 35. h4 g5 36. hxg5+ Rxg5 37. Ra8 Rc5 38. Ke3 Ke5 39. Ra7
Kf5 40. Kf3 e5 41. Ke3 Ke6 42. Ra8 Kd5 43. Kd3 e4+ 44. Ke3 Kc4 45. Re8 Kb3 46.
Rxe4 Rc4 47. Re5 h4 48. gxh4 Rxh4 49. Kd3 Kxa4 50. Kc2 Rb4 51. Rh5 Rg4 52. Rh3
Kb5 53. Kb3 Rb4+ 54. Ka3 Ra4+ 1/2-1/2

[Event "Kandidatklassen"]
[Site "Hillerod"]
[Date "2010.04.04"]
[Round "6"]
[White "Rossen, Claus"]
[Black "Andersen, Rune"]
[Result "1/2-1/2"]
[WhiteElo "2223"]
[BlackElo "2170"]
[PlyCount "113"]
[EventDate "2010.03.30"]
[EventType "swiss"]
[EventRounds "7"]
[EventCountry "DEN"]
[Source "ChessBase"]
[SourceDate "2010.05.04"]

1. e4 c5 2. Nf3 Nc6 3. d4 cxd4 4. Nxd4 Nf6 5. Nc3 e5 6. Ndb5 d6 7. Nd5 Nxd5 8.
exd5 Nb8 9. c4 Be7 10. Be2 O-O 11. O-O a6 12. Nc3 f5 13. f4 Bf6 14. Qc2 g6 15.
Be3 Nd7 16. g3 b6 17. b4 Qe7 18. Rfe1 a5 19. bxa5 bxa5 20. Bf1 Qg7 21. Rac1
exf4 22. gxf4 Nc5 23. Nb5 Rb8 24. Rb1 Ne4 25. Bd3 Rd8 26. Kh1 Rb7 27. Rb3 Re7
28. Rg1 Nc5 29. Bxc5 dxc5 30. Qf2 Bd4 31. Nxd4 cxd4 32. Re1 Rde8 33. Rbb1 Re3
34. c5 Qe7 35. Rxe3 dxe3 36. Qc2 Qh4 37. Qc4 Qf2 38. Rf1 Qd2 39. d6+ Kg7 40. d7
Bxd7 41. Qd4+ Kh6 42. Qxd7 Rb8 43. Bb5 Rxb5 44. Qxb5 e2 45. Rb1 e1=Q+ 46. Rxe1
Qxe1+ 47. Kg2 Qd2+ 48. Kf3 Qd5+ 49. Kg3 a4 50. Qxa4 Qxc5 51. Qd1 Qe3+ 52. Qf3
Qe1+ 53. Kh3 Qb4 54. Qe3 Qa4 55. a3 Qd1 56. Qg3 Kg7 57. Qc3+ 1/2-1/2

[Event "Kandidatklassen"]
[Site "Hillerod"]
[Date "2010.04.03"]
[Round "5"]
[White "Rossen, Claus"]
[Black "Boje, Tobias Rosholm"]
[Result "1-0"]
[WhiteElo "2223"]
[BlackElo "2015"]
[PlyCount "63"]
[EventDate "2010.03.30"]
[EventType "swiss"]
[EventRounds "7"]
[EventCountry "DEN"]
[Source "ChessBase"]
[SourceDate "2010.05.04"]

1. e4 c6 2. d4 d5 3. f3 dxe4 4. fxe4 e5 5. Nf3 Bg4 6. Bc4 Nd7 7. O-O Ngf6 8. c3
Bd6 9. Bxf7+ Kxf7 10. dxe5 Bxe5 11. Be3 Bxf3 12. Qb3+ Ke8 13. gxf3 Bc7 14. Kh1
Bb6 15. Bg1 Qe7 16. Nd2 Rd8 17. Nc4 Bxg1 18. Rxg1 Nc5 19. Qc2 Qf7 20. e5 Qxc4
21. exf6 g6 22. Rae1+ Kd7 23. Rg4 Qa6 24. Qf2 Ne6 25. Rge4 Nc7 26. Qg3 Kc8 27.
Re7 Nd5 28. Rg7 Rhe8 29. f7 Rxe1+ 30. Qxe1 Qd3 31. Qe6+ Kb8 32. Qd6+ 1-0

[Event "Kandidatklassen"]
[Site "Hillerod"]
[Date "2010.03.31"]
[Round "2"]
[White "Rossen, Claus"]
[Black "Hagen, Andreas Skytte"]
[Result "1/2-1/2"]
[WhiteElo "2223"]
[BlackElo "2342"]
[PlyCount "82"]
[EventDate "2010.03.30"]
[EventType "swiss"]
[EventRounds "7"]
[EventCountry "DEN"]
[Source "ChessBase"]
[SourceDate "2010.05.04"]

1. d4 Nf6 2. c4 e6 3. Nc3 Bb4 4. Qc2 O-O 5. a3 Bxc3+ 6. Qxc3 d5 7. Nf3 dxc4 8.
Qxc4 b6 9. g3 Bb7 10. Bg2 Nbd7 11. O-O c5 12. b4 Bd5 13. Qc2 c4 14. Nd2 Bxg2
15. Kxg2 b5 16. e4 Nb6 17. Bb2 Na4 18. Bc3 Qb6 19. Rfe1 e5 20. Nf3 Nxc3 21.
Qxc3 exd4 22. Nxd4 Rad8 23. Rad1 g6 24. f3 a6 25. Ne2 Rxd1 26. Rxd1 Rd8 27.
Rxd8+ Qxd8 28. Qd4 Qxd4 29. Nxd4 Nd7 30. f4 f6 31. Kf2 Kf7 32. Ke3 Ke7 33. Ne2
Kd6 34. Kd4 g5 35. Nc3 gxf4 36. gxf4 Nf8 37. a4 Ne6+ 38. Ke3 Nc7 39. Kd4 Ne6+
40. Ke3 Nc7 41. Kd4 Ne6+ 1/2-1/2

[Event "Kandidatklassen"]
[Site "Hillerod"]
[Date "2010.04.01"]
[Round "3"]
[White "Rossen, Claus"]
[Black "Seegert, Kristian"]
[Result "0-1"]
[WhiteElo "2223"]
[BlackElo "2118"]
[PlyCount "80"]
[EventDate "2010.03.30"]
[EventType "swiss"]
[EventRounds "7"]
[EventCountry "DEN"]
[Source "ChessBase"]
[SourceDate "2010.05.04"]

1. d4 Nf6 2. c4 c5 3. d5 b5 4. cxb5 a6 5. bxa6 g6 6. Nf3 Bxa6 7. Nc3 d6 8. g3
Bg7 9. Bg2 Nbd7 10. O-O Nb6 11. Nh4 O-O 12. Rb1 Nfd7 13. Qc2 Nc4 14. b3 Qa5 15.
Na4 Rfb8 16. Bh3 Nf6 17. Rd1 Bb5 18. Nc3 Na3 19. Bxa3 Qxa3 20. f4 Bd7 21. f5 g5
22. g4 h6 23. Nf3 Qb4 24. e4 Bc8 25. Rbc1 Nd7 26. Rd2 Ne5 27. Kf2 c4 28. bxc4
Nxc4 29. Re2 Qc5+ 30. Kg3 Rb2 31. Qd1 Ra3 32. e5 Rxe2 33. Qxe2 Nxe5 34. Qf2
Rxc3 35. Qxc5 Rxf3+ 36. Kg2 dxc5 37. Rxc5 Ba6 38. d6 Bf1+ 39. Kg1 Bxh3 40. dxe7
Rf1# 0-1

[Event "Kandidatklassen"]
[Site "Hillerod"]
[Date "2010.04.02"]
[Round "4"]
[White "Rostgaard, Tobias Valentin"]
[Black "Rossen, Claus"]
[Result "1-0"]
[WhiteElo "2022"]
[BlackElo "2223"]
[PlyCount "105"]
[EventDate "2010.03.30"]
[EventType "swiss"]
[EventRounds "7"]
[EventCountry "DEN"]
[Source "ChessBase"]
[SourceDate "2010.05.04"]

1. e4 e5 2. Nf3 Nf6 3. Nxe5 d6 4. Nf3 Nxe4 5. Nc3 Nxc3 6. dxc3 Be7 7. Bf4 O-O
8. Qd2 Bf5 9. O-O-O Nc6 10. Rg1 Qd7 11. h3 Rab8 12. Re1 b5 13. g4 Be6 14. Nd4
Na5 15. Qe3 Nc4 16. Bxc4 bxc4 17. Nxe6 fxe6 18. Qxe6+ Qxe6 19. Rxe6 Rxf4 20.
Rxe7 Rxf2 21. Rxc7 Re8 22. Rxc4 Ree2 23. Rb4 a5 24. Rb5 a4 25. a3 Kf7 26. g5
Rh2 27. Rb4 Kg6 28. h4 Rxc2+ 29. Kb1 Rcd2 30. Rgg4 Kh5 31. Rgd4 Rde2 32. Rb7 h6
33. gxh6 gxh6 34. Rxa4 Rxh4 35. Rxh4+ Kxh4 36. Rg7 Re5 37. Rg6 h5 38. Rxd6 Kg4
39. b4 h4 40. a4 h3 41. a5 Re1+ 42. Kb2 h2 43. Rh6 h1=Q 44. Rxh1 Rxh1 45. a6
Rh2+ 46. Kb3 Rh1 47. Kc4 Kf5 48. Kc5 Ke6 49. Kb6 Kd5 50. Kb5 Rh8 51. a7 Kd6 52.
Kb6 Rc8 53. Kb7 1-0

[Event "Kandidatklassen"]
[Site "Hillerod"]
[Date "2010.04.01"]
[Round "3"]
[White "Rostgaard, Tobias Valentin"]
[Black "Henriksen, Palle V"]
[Result "1-0"]
[WhiteElo "2022"]
[BlackElo "2236"]
[PlyCount "79"]
[EventDate "2010.03.30"]
[EventType "swiss"]
[EventRounds "7"]
[EventCountry "DEN"]
[Source "ChessBase"]
[SourceDate "2010.05.04"]

1. Nf3 Nf6 2. g3 b5 3. Bg2 Bb7 4. O-O e6 5. d3 c5 6. e4 d6 7. c3 Be7 8. Nbd2
O-O 9. Re1 Nbd7 10. Qe2 a6 11. h3 Rc8 12. Nh2 Qb6 13. Kh1 e5 14. f4 exf4 15.
gxf4 g6 16. Bf3 Rfe8 17. Qg2 Bf8 18. Ndf1 Bg7 19. Be3 Qc7 20. Nd2 Nf8 21. f5
Qd7 22. Ng4 Kh8 23. Bg5 Nxg4 24. hxg4 f6 25. Bf4 Rcd8 26. c4 Qe7 27. Qh2 Kg8
28. b3 Qd7 29. Kg2 g5 30. Bg3 h6 31. Nb1 b4 32. Nd2 Re5 33. Nf1 Qc6 34. Ne3 Nd7
35. Nd5 Kf7 36. Rf1 Bf8 37. Qh5+ Kg8 38. Qg6+ Bg7 39. Bxe5 Nxe5 40. Ne7+ 1-0

[Event "Kandidatklassen"]
[Site "Hillerod"]
[Date "2010.04.04"]
[Round "6"]
[White "Rostgaard, Tobias Valentin"]
[Black "Akdag, Dara Sevkan"]
[Result "0-1"]
[WhiteElo "2022"]
[BlackElo "2149"]
[PlyCount "110"]
[EventDate "2010.03.30"]
[EventType "swiss"]
[EventRounds "7"]
[EventCountry "DEN"]
[Source "ChessBase"]
[SourceDate "2010.05.04"]

1. Nf3 Nf6 2. e3 g6 3. d4 Bg7 4. Bd3 c5 5. O-O O-O 6. c3 d5 7. Nbd2 Bf5 8. Bxf5
gxf5 9. dxc5 Nbd7 10. Nd4 e6 11. b4 Ng4 12. Bb2 Nde5 13. h3 Nf6 14. Qc2 Ne4 15.
N4f3 a5 16. Nxe5 Bxe5 17. f4 Bg7 18. Nxe4 fxe4 19. b5 Qc7 20. Ba3 Rfc8 21. b6
Qe7 22. f5 Qg5 23. Rf4 e5 24. Rg4 Qxe3+ 25. Kh1 h5 26. Rh4 Qg5 27. Qf2 e3 28.
Qe1 d4 29. g4 Bf6 30. Rxh5 Qf4 31. Qg1 d3 32. g5 Bg7 33. Qg2 Qxf5 34. Rf1 Qg6
35. Rh4 e2 36. Rg1 Qc6 37. Re4 Rd8 38. Bc1 d2 39. Bxd2 Rxd2 40. Re1 Rad8 41.
R4xe2 Qxg2+ 42. Kxg2 Rxe2+ 43. Rxe2 Rc8 44. Rd2 Rxc5 45. Rd7 Rxc3 46. Rxb7 e4
47. Re7 Rc2+ 48. Kg3 Rxa2 49. b7 Rb2 50. Re8+ Kh7 51. Re7 Kg6 52. Kg4 e3 53. h4
e2 54. h5+ Kh7 55. h6 Rxb7 0-1

[Event "Kandidatklassen"]
[Site "Hillerod"]
[Date "2010.04.02"]
[Round "4"]
[White "Schmidt, Tom"]
[Black "Vovk, Oksana"]
[Result "1/2-1/2"]
[WhiteElo "2086"]
[BlackElo "2145"]
[PlyCount "36"]
[EventDate "2010.03.30"]
[EventType "swiss"]
[EventRounds "7"]
[EventCountry "DEN"]
[Source "ChessBase"]
[SourceDate "2010.05.04"]

1. d4 Nf6 2. Nf3 e6 3. e3 c5 4. Bd3 b6 5. O-O Bb7 6. Nbd2 Be7 7. b3 O-O 8. Bb2
Nc6 9. a3 Qc7 10. Rc1 d6 11. c4 a5 12. Nb1 cxd4 13. exd4 Rac8 14. Re1 d5 15.
Nc3 Rfd8 16. cxd5 Nxd5 17. Nxd5 exd5 18. Ne5 Bg5 1/2-1/2

[Event "Kandidatklassen"]
[Site "Hillerod"]
[Date "2010.04.01"]
[Round "3"]
[White "Schmidt, Tom"]
[Black "Andersen, Rune"]
[Result "1/2-1/2"]
[WhiteElo "2086"]
[BlackElo "2170"]
[PlyCount "97"]
[EventDate "2010.03.30"]
[EventType "swiss"]
[EventRounds "7"]
[EventCountry "DEN"]
[Source "ChessBase"]
[SourceDate "2010.05.04"]

1. d4 d5 2. c4 c6 3. Nf3 Nf6 4. e3 Bg4 5. Qb3 Qb6 6. Nc3 Bxf3 7. gxf3 e6 8. Bd2
Nbd7 9. Qc2 Be7 10. cxd5 Nxd5 11. Na4 Qc7 12. a3 a5 13. e4 Nf4 14. Be3 O-O 15.
Qd2 Ng6 16. f4 b5 17. Nc3 f5 18. e5 Nb6 19. Rc1 Qd7 20. Qd1 Rab8 21. h4 b4 22.
h5 Nh4 23. axb4 axb4 24. Nb1 Qd5 25. Rh3 Ng2+ 26. Bxg2 Qxg2 27. Qf3 Qxf3 28.
Rxf3 Rfc8 29. b3 Ra8 30. Rh3 Ra2 31. Rh1 Rb2 32. Nd2 Nd5 33. Ke2 Nc3+ 34. Kd3
c5 35. Rxc3 bxc3 36. Kxc3 Ra2 37. Nc4 cxd4+ 38. Bxd4 Bc5 39. Be3 Bxe3 40. fxe3
Rg2 41. b4 g5 42. hxg6 Rxg6 43. b5 Rg7 44. Kd4 Ra7 45. Nd6 Ra4+ 46. Kd3 Ra3+
47. Kd4 Ra4+ 48. Kd3 Ra3+ 49. Kd4 1/2-1/2

[Event "Kandidatklassen"]
[Site "Hillerod"]
[Date "2010.04.05"]
[Round "7"]
[White "Schmidt, Tom"]
[Black "Rostgaard, Tobias Valentin"]
[Result "0-1"]
[WhiteElo "2086"]
[BlackElo "2022"]
[PlyCount "74"]
[EventDate "2010.03.30"]
[EventType "swiss"]
[EventRounds "7"]
[EventCountry "DEN"]
[Source "ChessBase"]
[SourceDate "2010.05.04"]

1. d4 Nf6 2. c4 c5 3. d5 b5 4. cxb5 a6 5. bxa6 g6 6. Nc3 Bxa6 7. g3 d6 8. Nf3
Nbd7 9. Bg2 Bg7 10. Rb1 O-O 11. O-O Nb6 12. b3 Bb7 13. e4 Nfd7 14. Qc2 Ne5 15.
Nxe5 Bxe5 16. Bb2 e6 17. Rfd1 exd5 18. exd5 f5 19. f4 Bd4+ 20. Kh1 Qf6 21. a4
Ba6 22. Ne2 Bxb2 23. Qxb2 Qxb2 24. Rxb2 Rab8 25. Rdd2 Rfe8 26. Kg1 Rb7 27. Bf1
Reb8 28. Ra2 Nd7 29. Nc1 Bxf1 30. Kxf1 Nf6 31. Ke2 Ne4 32. Rdc2 Rb4 33. Kd1
Rd4+ 34. Ke2 Re8 35. Kf3 Rxd5 36. a5 Rd4 37. Rc4 Nd2+ 0-1

[Event "Kandidatklassen"]
[Site "Hillerod"]
[Date "2010.03.30"]
[Round "1"]
[White "Schmidt, Tom"]
[Black "Pedersen, Christopher RNH"]
[Result "1-0"]
[WhiteElo "2086"]
[BlackElo "2098"]
[PlyCount "89"]
[EventDate "2010.03.30"]
[EventType "swiss"]
[EventRounds "7"]
[EventCountry "DEN"]
[Source "ChessBase"]
[SourceDate "2010.05.04"]

1. d4 d5 2. c4 c6 3. Nf3 Nf6 4. e3 e6 5. b3 Nbd7 6. Bb2 Bd6 7. Nbd2 Nf8 8. Bd3
Ng6 9. O-O Ng4 10. h3 Nf6 11. Ne5 dxc4 12. Ndxc4 Bc7 13. Qc2 O-O 14. Rac1 Nd5
15. a3 Re8 16. Qe2 Nf8 17. Bb1 f6 18. Nd3 b5 19. Nd2 Qd6 20. f4 Ne7 21. e4 Bb6
22. Nf3 Nfg6 23. g3 e5 24. Kh2 exf4 25. g4 Nh4 26. e5 fxe5 27. dxe5 Qh6 28.
Nxh4 Qxh4 29. Nxf4 Nd5 30. Nxd5 cxd5 31. Rf4 h5 32. Kg2 hxg4 33. hxg4 Bb7 34.
Rh1 Qg5 35. Bh7+ Kh8 36. Kg3 Re7 37. Bd3+ Kg8 38. Bh7+ Kh8 39. Bd3+ Kg8 40.
Bh7+ Kh8 41. Bb1+ Kg8 42. Rh5 Qxf4+ 43. Kxf4 Rf8+ 44. Rf5 Rc8 45. Kg3 1-0

[Event "Kandidatklassen"]
[Site "Hillerod"]
[Date "2010.03.30"]
[Round "1"]
[White "Schultz Pedersen, Jesper"]
[Black "Eriksson, Christian Altenburg"]
[Result "1/2-1/2"]
[WhiteElo "2230"]
[BlackElo "2158"]
[PlyCount "53"]
[EventDate "2010.03.30"]
[EventType "swiss"]
[EventRounds "7"]
[EventCountry "DEN"]
[Source "ChessBase"]
[SourceDate "2010.05.04"]

1. e4 c5 2. f4 Nc6 3. Nf3 g6 4. Bb5 Bg7 5. O-O Nd4 6. Nxd4 cxd4 7. d3 Nf6 8.
Kh1 a6 9. Ba4 b5 10. Bb3 Bb7 11. Nd2 d6 12. Nf3 Qb6 13. Qe1 O-O 14. Qh4 Qc5 15.
Bd2 Qh5 16. Rae1 Qxh4 17. Nxh4 Nd7 18. Nf3 Rac8 19. Re2 Nc5 20. Be1 Nxb3 21.
axb3 e5 22. Bb4 Rfd8 23. fxe5 dxe5 24. Ng5 Rd7 25. Ref2 f6 26. Ne6 Rc6 27. Nc5
1/2-1/2

[Event "Kandidatklassen"]
[Site "Hillerod"]
[Date "2010.04.01"]
[Round "3"]
[White "Schultz Pedersen, Jesper"]
[Black "Poulsen, Klaus E"]
[Result "1-0"]
[WhiteElo "2230"]
[BlackElo "2095"]
[PlyCount "115"]
[EventDate "2010.03.30"]
[EventType "swiss"]
[EventRounds "7"]
[EventCountry "DEN"]
[Source "ChessBase"]
[SourceDate "2010.05.04"]

1. e4 c5 2. Nc3 e6 3. f4 d5 4. Nf3 dxe4 5. Nxe4 Nf6 6. Nf2 a6 7. b3 Qc7 8. Nd3
Nc6 9. Bb2 Bd7 10. Nde5 Nxe5 11. Nxe5 Bc6 12. Nxc6 Qxc6 13. Qe2 O-O-O 14. Rg1
Qe4 15. Qxe4 Nxe4 16. Bd3 Nf6 17. g3 Nd5 18. a3 h5 19. O-O-O Ne7 20. Rde1 Nf5
21. Rgf1 Nd4 22. f5 exf5 23. Bxf5+ Nxf5 24. Rxf5 f6 25. Re4 Bd6 26. Rh4 Rde8
27. Kd1 g5 28. Ra4 h4 29. gxh4 gxh4 30. Bxf6 Rhg8 31. c3 Ref8 32. Rxh4 Rg6 33.
Rh8 Rgxf6 34. Rxf6 Rxh8 35. Rxd6 Rxh2 36. Rd5 b6 37. b4 cxb4 38. axb4 Kc7 39.
Kc2 Kc6 40. Rg5 Rh4 41. Rg3 Rh2 42. c4 a5 43. Rg6+ Kb7 44. bxa5 bxa5 45. Kc3 a4
46. Rd6 Rh1 47. Kb2 Rg1 48. c5 Rg5 49. d4 Rg3 50. Rb6+ Ka7 51. Rb4 a3+ 52. Ka2
Rd3 53. c6 Rc3 54. d5 Rc5 55. Rd4 Kb8 56. d6 Kc8 57. d7+ Kd8 58. Rd6 1-0

[Event "Kandidatklassen"]
[Site "Hillerod"]
[Date "2010.04.04"]
[Round "6"]
[White "Schultz Pedersen, Jesper"]
[Black "Seegert, Kristian"]
[Result "0-1"]
[WhiteElo "2230"]
[BlackElo "2118"]
[PlyCount "80"]
[EventDate "2010.03.30"]
[EventType "swiss"]
[EventRounds "7"]
[EventCountry "DEN"]
[Source "ChessBase"]
[SourceDate "2010.05.04"]

1. e4 e5 2. Nc3 Nf6 3. g3 Bc5 4. Bg2 Nc6 5. d3 d6 6. Nd5 Nxd5 7. exd5 Ne7 8.
Ne2 O-O 9. O-O Ng6 10. d4 Bb6 11. a4 a5 12. Kh1 f5 13. f4 e4 14. Be3 c6 15.
dxc6 bxc6 16. Qd2 Ba6 17. Rfc1 d5 18. b3 Qd7 19. Rab1 Rfb8 20. Bf1 Bd8 21. Ng1
Bxf1 22. Rxf1 Be7 23. Ne2 Nf8 24. Qe1 h6 25. Qf2 Nh7 26. c4 dxc4 27. bxc4 Rxb1
28. Rxb1 Bb4 29. Nc1 Nf6 30. h3 c5 31. dxc5 Qxa4 32. Nb3 Qd7 33. Nd4 Bxc5 34.
Rb5 Bxd4 35. Bxd4 Rd8 36. Be3 a4 37. Qb2 Qd3 38. Rb8 Rxb8 39. Qxb8+ Kh7 40. Qa7
Qxc4 0-1

[Event "Kandidatklassen"]
[Site "Hillerod"]
[Date "2010.04.05"]
[Round "7"]
[White "Schultz Pedersen, Jesper"]
[Black "Vovk, Oksana"]
[Result "1-0"]
[WhiteElo "2230"]
[BlackElo "2145"]
[PlyCount "117"]
[EventDate "2010.03.30"]
[EventType "swiss"]
[EventRounds "7"]
[EventCountry "DEN"]
[Source "ChessBase"]
[SourceDate "2010.05.04"]

1. e4 e6 2. d4 d5 3. e5 c5 4. Nf3 Nc6 5. Bd3 cxd4 6. O-O f6 7. Qe2 fxe5 8. Nxe5
Nxe5 9. Qxe5 Qf6 10. Qg3 Ne7 11. Bg5 Qf7 12. c3 g6 13. cxd4 Bg7 14. Nc3 O-O 15.
Nb5 Nc6 16. Rac1 e5 17. dxe5 Bxe5 18. f4 Bxb2 19. f5 Qg7 20. fxg6 Rxf1+ 21.
Rxf1 hxg6 22. Qd6 Bg4 23. Qxd5+ Kh8 24. Qe4 a6 25. Qxg4 axb5 26. Qh3+ Kg8 27.
Bxb5 Qd4+ 28. Kh1 Qd5 29. Qb3 Qxb3 30. axb3 Ne5 31. Bc4+ Nxc4 32. bxc4 Rc8 33.
Rb1 Bd4 34. Rb4 Rc7 35. g3 Kf7 36. Kg2 Ke6 37. Kf3 Rf7+ 38. Ke4 Bf2 39. Be3
Bxe3 40. Kxe3 Ke5 41. Rb5+ Kf6 42. h4 Rh7 43. Kf4 Rc7 44. c5 Rd7 45. Rb6+ Kg7
46. Ke5 Kf7 47. g4 Kg7 48. g5 Kf7 49. Rf6+ Kg7 50. Ke6 Rc7 51. Kd5 Rd7+ 52. Kc4
Re7 53. Rf4 Rc7 54. Kb5 Rc6 55. Ra4 Kf7 56. Ra7 Rc7 57. Kb6 Rc6+ 58. Kxb7 Re6
59. c6 1-0

[Event "Kandidatklassen"]
[Site "Hillerod"]
[Date "2010.04.05"]
[Round "7"]
[White "Seegert, Kristian"]
[Black "Molvig, Henrik"]
[Result "1-0"]
[WhiteElo "2118"]
[BlackElo "2195"]
[PlyCount "83"]
[EventDate "2010.03.30"]
[EventType "swiss"]
[EventRounds "7"]
[EventCountry "DEN"]
[Source "ChessBase"]
[SourceDate "2010.05.04"]

1. e4 c5 2. Nf3 d6 3. d4 cxd4 4. Nxd4 Nf6 5. Nc3 a6 6. Bg5 e6 7. f4 Nbd7 8. Qf3
Qc7 9. O-O-O b5 10. Bd3 Bb7 11. Rhe1 Qb6 12. Nd5 exd5 13. Nc6 dxe4 14. Bxe4 Nc5
15. Bxf6 gxf6 16. Qh3 Ne6 17. Bg6 Kd7 18. Bxf7 Kxc6 19. Qxe6 Qd8 20. Qe3 h5 21.
Rd3 Kc7 22. Qd4 Bc6 23. Rc3 Kb7 24. Rxc6 Kxc6 25. Bd5+ Kd7 26. Qc3 Qc7 27. Be6+
Kd8 28. Qxf6+ Qe7 29. Qxh8 Rc8 30. f5 Rc5 31. f6 Qe8 32. Qh7 Qc6 33. Bf5 Re5
34. Rxe5 dxe5 35. Qf7 Qd6 36. a3 e4 37. Bxe4 b4 38. axb4 Qxb4 39. Qd5+ Kc7 40.
c3 Bh6+ 41. Kb1 Qb6 42. Qf7+ 1-0

[Event "Kandidatklassen"]
[Site "Hillerod"]
[Date "2010.03.31"]
[Round "2"]
[White "Seegert, Kristian"]
[Black "Carstensen, Jacob"]
[Result "1-0"]
[WhiteElo "2118"]
[BlackElo "2317"]
[PlyCount "57"]
[EventDate "2010.03.30"]
[EventType "swiss"]
[EventRounds "7"]
[EventCountry "DEN"]
[Source "ChessBase"]
[SourceDate "2010.05.04"]

1. e4 c5 2. Nf3 d6 3. d4 cxd4 4. Nxd4 Nf6 5. Nc3 a6 6. Bg5 e6 7. f4 Be7 8. Qf3
Qc7 9. O-O-O Nbd7 10. g4 b5 11. Bxf6 Nxf6 12. g5 Nd7 13. f5 Nc5 14. f6 gxf6 15.
gxf6 Bf8 16. Rg1 b4 17. Nd5 exd5 18. exd5 Nd7 19. Nc6 Bb7 20. Bh3 Bxc6 21. dxc6
Ne5 22. Rge1 Bh6+ 23. Kb1 Rg8 24. Qe4 Rg5 25. Qxh7 Qxc6 26. Qxh6 Rg8 27. Rg1
Rxg1 28. Qh8+ Rg8 29. Qxg8# 1-0

[Event "Kandidatklassen"]
[Site "Hillerod"]
[Date "2010.04.03"]
[Round "5"]
[White "Seegert, Kristian"]
[Black "Hagen, Andreas Skytte"]
[Result "1-0"]
[WhiteElo "2118"]
[BlackElo "2342"]
[PlyCount "75"]
[EventDate "2010.03.30"]
[EventType "swiss"]
[EventRounds "7"]
[EventCountry "DEN"]
[Source "ChessBase"]
[SourceDate "2010.05.04"]

1. e4 e5 2. Nf3 Nc6 3. Bc4 Bc5 4. c3 Nf6 5. d3 a6 6. Bb3 O-O 7. O-O Ba7 8. Bg5
h6 9. Bh4 g5 10. Bg3 d6 11. Nbd2 Re8 12. Re1 Ne7 13. d4 Ng6 14. dxe5 dxe5 15.
Nc4 Qxd1 16. Raxd1 Nd7 17. h4 gxh4 18. Nxh4 Nxh4 19. Bxh4 Nc5 20. Bf6 Nd7 21.
Bh4 Nc5 22. Bc2 Nd7 23. Rd3 Nf8 24. Rg3+ Ng6 25. Bf6 Kh7 26. Nxe5 Re6 27. Ng4
Rd6 28. e5 Rd2 29. Bxg6+ fxg6 30. e6 h5 31. Bg5 Rxb2 32. Nf6+ Kg7 33. Rf3 Bxe6
34. Rxe6 Bc5 35. Ne4 Bf8 36. Rff6 Kh7 37. Rf7+ Kh8 38. Rxg6 1-0

[Event "Kandidatklassen"]
[Site "Hillerod"]
[Date "2010.03.30"]
[Round "1"]
[White "Seegert, Kristian"]
[Black "Ostergaard, Jens"]
[Result "1/2-1/2"]
[WhiteElo "2118"]
[BlackElo "2257"]
[PlyCount "87"]
[EventDate "2010.03.30"]
[EventType "swiss"]
[EventRounds "7"]
[EventCountry "DEN"]
[Source "ChessBase"]
[SourceDate "2010.05.04"]

1. e4 c5 2. Nf3 Nc6 3. d4 cxd4 4. Nxd4 g6 5. Nc3 Bg7 6. Be3 Nf6 7. Bc4 Qa5 8.
O-O O-O 9. Nb3 Qc7 10. Be2 d6 11. f4 a6 12. g4 e6 13. g5 Ne8 14. Qd2 b5 15.
Rad1 b4 16. Na4 Rb8 17. c3 bxc3 18. Nxc3 Na5 19. Nxa5 Qxa5 20. Rb1 f6 21. b4
Qc7 22. gxf6 Bxf6 23. Rfc1 Qb7 24. Bf3 Qd7 25. Kh1 Bb7 26. Ne2 e5 27. f5 Qf7
28. Rg1 Bg7 29. Ng3 Kh8 30. Rbf1 Rd8 31. Bh6 Bxh6 32. Qxh6 Rg8 33. fxg6 Rxg6
34. Qh4 Qf6 35. Qh3 Bc8 36. Nf5 Bxf5 37. exf5 Rg7 38. Bd5 Rxg1+ 39. Rxg1 Ng7
40. Qg4 h6 41. Rf1 Rf8 42. Qh3 Re8 43. Qg4 Rf8 44. Qh3 1/2-1/2